000 00452nam a2200181Ia 4500
008 220922s9999||||xx |||||||||||||| ||und||
020 _a9780000000000
040 _cSFLIB
041 _aENG
082 _aSTCP (S.F)
_b37
100 _aPETER NORTON
245 0 _aINTRODUCTION TO COMPUTERS /
_cby PETER NORTON
250 _a7th ed.
260 _aNEW DELHI :
_bMcGraw Hill Education,
_c2006
300 _a628 p.
650 _aCOMPUTER
942 _cSFBK
999 _c78038
_d78038